00255nam a2200109Ia 4500008004100000100001400041245002700055260002700082650001200109942000700121999001700128190216s9999||||xx |||||||||||||| ||und|| aGandhi Mk 4aThe Gospll Of Swadeshi bBharatiya Vidya Bhavan aEnglish cBK c12070d12070